[Event "msr2018"]
[Site "?"]
[Date "2018.04.24"]
[Round "6.23"]
[White "Boba, Dominik"]
[Black "Simon, Leonard"]
[Result "1-0"]
[BlackElo "1373"]
[WhiteElo "1577"]
[LiveChessVersion "1.4.8"]

1. d4 {[%clk 1:30:56]} d5 {[%clk 1:30:50]} 2. c4 {[%clk 1:31:20]} Bf5
{[%clk 1:31:03]} 3. Nc3 {[%clk 1:31:21]} e6 {[%clk 1:31:00]} 4. cxd5
{[%clk 1:31:32]} exd5 {[%clk 1:29:42]} 5. e3 {[%clk 1:31:44]} Nf6
{[%clk 1:28:30]} 6. Nf3 {[%clk 1:30:52]} a6 {[%clk 1:25:29]} 7. Bd3
{[%clk 1:29:13]} Bxd3 {[%clk 1:18:11]} 8. Qxd3 {[%clk 1:29:37]} Nc6
{[%clk 1:18:07]} 9. a3 {[%clk 1:29:49]} Bd6 {[%clk 1:09:55]} 10. Bd2
{[%clk 1:30:04]} Qd7 {[%clk 1:08:51]} 11. h3 {[%clk 1:29:35]} h6 {[%clk 1:08:25]}
12. Rc1 {[%clk 1:29:33]} O-O {[%clk 1:06:48]} 13. O-O {[%clk 1:29:41]} Rfe8
{[%clk 1:06:33]} 14. b4 {[%clk 1:11:08]} Re6 {[%clk 1:00:10]} 15. Nh4
{[%clk 1:03:23]} Be7 {[%clk 0:59:03]} 16. Nf5 {[%clk 0:59:22]} Re8
{[%clk 0:54:22]} 17. Ne2 {[%clk 0:56:07]} Ne4 {[%clk 0:52:51]} 18. f3
{[%clk 0:47:53]} Nd6 {[%clk 0:49:28]} 19. Nxe7+ {[%clk 0:41:36]} R8xe7
{[%clk 0:48:59]} 20. Nf4 {[%clk 0:41:35]} Rf6 {[%clk 0:47:20]} 21. Nxd5
{[%clk 0:40:13]} Rg6 {[%clk 0:47:00]} 22. Nxe7+ {[%clk 0:40:25]} Nxe7
{[%clk 0:47:19]} 23. Kh2 {[%clk 0:39:14]} Ndf5 {[%clk 0:47:29]} 24. Be1
{[%clk 0:37:28]} Nd5 {[%clk 0:47:10]} 25. Bf2 {[%clk 0:35:52]} Nde7
{[%clk 0:45:25]} 26. e4 {[%clk 0:33:14]} Qd6+ {[%clk 0:40:43]} 27. e5
{[%clk 0:29:47]} Qe6 {[%clk 0:39:32]} 28. g4 {[%clk 0:26:26]} Nxd4
{[%clk 0:38:12]} 29. Bxd4 {[%clk 0:25:30]} Nc6 {[%clk 0:38:28]} 30. Qe3
{[%clk 0:24:42]} Nxd4 {[%clk 0:36:50]} 31. Qxd4 {[%clk 0:24:57]} Qa2+
{[%clk 0:37:16]} 32. Rf2 {[%clk 0:24:21]} Qxa3 {[%clk 0:37:42]} 33. Rxc7
{[%clk 0:24:23]} Qb3 {[%clk 0:37:20]} 34. Rxb7 {[%clk 0:23:48]} a5
{[%clk 0:36:47]} 35. Qd8+ {[%clk 0:23:18]} Kh7 {[%clk 0:37:08]} 36. Qxa5
{[%clk 0:23:25]} Qe3 {[%clk 0:37:12]} 37. Qc5 {[%clk 0:22:13]} Qe1
{[%clk 0:37:16]} 38. b5 {[%clk 0:18:52]} h5 {[%clk 0:37:26]} 39. Rxf7
{[%clk 0:17:36]} Rg5 {[%clk 0:37:32]} 40. Qc2+ {[%clk 0:15:25]} Kg8
{[%clk 0:37:28]} 41. Rf5 {[%clk 0:14:47]} Rg6 {[%clk 0:37:30]} 42. Rxh5
{[%clk 0:14:17]} Rb6 {[%clk 0:37:08]} 43. Qc4+ {[%clk 0:14:01]} Kf8
{[%clk 0:37:23]} 44. Qc5+ {[%clk 0:14:20]} Ke8 {[%clk 0:37:31]} 45. Qxb6
{[%clk 0:14:14]} g6 {[%clk 0:37:51]} 46. Rh8+ {[%clk 0:13:26]} 1-0

[Event "msr2018"]
[Site "?"]
[Date "2018.04.24"]
[Round "6.24"]
[White "Bulej, Matej"]
[Black "Havalda, Samuel"]
[Result "0-1"]
[BlackElo "1406"]
[WhiteElo "1231"]
[LiveChessVersion "1.4.8"]

1. d4 {[%clk 1:30:57]} d5 {[%clk 1:30:54]} 2. Bf4 {[%clk 1:31:19]} Nf6
{[%clk 1:31:03]} 3. Nf3 {[%clk 1:31:35]} e6 {[%clk 1:31:09]} 4. e3
{[%clk 1:31:53]} Nbd7 {[%clk 1:29:38]} 5. Nbd2 {[%clk 1:32:11]} c5
{[%clk 1:29:19]} 6. c3 {[%clk 1:32:28]} c4 {[%clk 1:28:24]} 7. Qc2
{[%clk 1:32:32]} Be7 {[%clk 1:28:08]} 8. e4 {[%clk 1:32:30]} O-O {[%clk 1:27:44]}
9. e5 {[%clk 1:31:37]} Ne8 {[%clk 1:27:53]} 10. Be2 {[%clk 1:31:35]} b5
{[%clk 1:27:02]} 11. a3 {[%clk 1:30:44]} a5 {[%clk 1:24:18]} 12. O-O
{[%clk 1:30:53]} Nc7 {[%clk 1:22:01]} 13. b4 {[%clk 1:28:13]} axb4
{[%clk 1:21:48]} 14. axb4 {[%clk 1:28:00]} Bb7 {[%clk 1:21:38]} 15. Qb2
{[%clk 1:27:50]} Na6 {[%clk 1:21:46]} 16. Ra5 {[%clk 1:26:38]} Nb6
{[%clk 1:21:43]} 17. Rxb5 {[%clk 1:25:41]} Bc6 {[%clk 1:20:55]} 18. Ra5
{[%clk 1:24:57]} Na4 {[%clk 1:16:10]} 19. Qc2 {[%clk 1:24:13]} Nxc3
{[%clk 1:11:37]} 20. Nb1 {[%clk 0:52:21]} Nxb4 {[%clk 1:06:00]} 21. Rxa8
{[%clk 0:51:33]} Nxc2 {[%clk 1:06:23]} 22. Rxd8 {[%clk 0:51:48]} Nxe2+
{[%clk 1:06:48]} 23. Kh1 {[%clk 0:51:47]} Rxd8 {[%clk 1:07:05]} 24. Be3
{[%clk 0:51:39]} Ba4 {[%clk 1:05:34]} 25. Nbd2 {[%clk 0:49:34]} Nxe3
{[%clk 1:05:34]} 26. fxe3 {[%clk 0:49:48]} c3 {[%clk 1:05:33]} 0-1